Logo BPK

Biblioteka

Politechniki Koszalińskiej

Uderzenia hydrauliczne / (Rekord nr 43053)

Szczegóły MARC
000 -ETYKIETA REKORDU
podpole kontrolne o stałej długości 00649nam a2200241 i 4500
001 - NUMER KONTROLNY REKORDU
pole kontrolne bg
020 ## - MIĘDZYNARODOWY ZNORMALIZOWANY NUMER KSIĄŻKI - ISBN
ISBN 837143412X
040 ## - ŹRÓDŁO KATALOGOWANIA
Instytucja, która utworzyła rekord BPK
041 0# - KOD JĘZYKA
Kod języka tekstu pol
080 ## - UNIWERSALNA KLASYFIKACJA DZIESIĘTNA - UKD
UKD 628.1:532.5](075.8)
920 ## - Międzynarodowy znormalizowany numer książki – ISBN
ISBN 83-7143-412-X
008 - POLE O STAŁEJ DŁUGOŚCI - DANE KONTROLNE
podpole kontrolne o stałej długości s pl f |000 0 pol
100 1# - NAZWA OSOBOWA
Nazwa osobowa NIEŁACNY, Marian
245 10 - TYTUŁ/ODPOWIEDZIALNOŚĆ
Tytuł Uderzenia hydrauliczne /
Pozostałe elementy strefy tytułu i oznaczenia odpowiedzialności Marian Niełacny.
260 ## - STREFA ADRESU WYDAWNICZEGO
Miejsce wydania Poznań :
Nazwa wydawcy/dystrybutora Wydaw. Politechniki Poznańskiej,
Data publikacji, dystrybucji/powstania dokumentu 2002.
300 ## - STREFA OPISU FIZYCZNEGO
Objętość 125 s. :
Inne cechy fizyczne il. ;
Rozmiary 24 cm.
504 ## - UWAGA DOTYCZĄCA BIBLIOGRAFII
Informacje o bibliografii Bibliogr.
650 #9 - HASŁO PRZEDMIOTOWE W FORMIE NAZWY OGÓLNEJ LUB JEDNOSTKOWEJ
Nazwa ogólna lub geograficzna Hydraulika
650 #9 - HASŁO PRZEDMIOTOWE W FORMIE NAZWY OGÓLNEJ LUB JEDNOSTKOWEJ
Nazwa ogólna lub geograficzna Wodociągi
Określnik ogólny eksploatacja
650 #9 - HASŁO PRZEDMIOTOWE W FORMIE NAZWY OGÓLNEJ LUB JEDNOSTKOWEJ
Nazwa ogólna lub geograficzna Wodociągi
Określnik ogólny projekty
655 ## - TERMIN INDEKSOWY - OKREŚLENIE RODZAJU/FORMY DOKUMENTU
Określenie rodzaju/formy dokumentu Podręczniki akademickie
856 ## - LOKALIZACJA I DOSTĘP DO ELEKTRONICZNYCH DOKUMENTÓW ZDALNYCH
Link (URL) http://koha.tu.koszalin.pl/cgi-bin/koha/opac-detail.pl?biblionumber=43053
Tekst linku Katalog online BPK
942 ## - DODATKOWE ELEMENTY (KOHA)
Typ dokumentu Książka
Egzemplarze
Wycofany Status egzemplarza Uszkodzony Dostępność Lokalizacja stała Lokalizacja bieżąca Miejsce przechowywania Sygnatura Kod kreskowy Dział Typ dokumentu
      Tylko na miejscu Czytelnia Wydziału Elektroniki i Informatyki, Wydziału Architektury i Wzornictwa, Wydziału Inżynierii Mechanicznej i Energetyki oraz Wydziału Inżynierii Lądowej, Środowiska i Geodezji Czytelnia Wydziału Elektroniki i Informatyki, Wydziału Architektury i Wzornictwa, Wydziału Inżynierii Mechanicznej i Energetyki oraz Wydziału Inżynierii Lądowej, Środowiska i Geodezji Czytelnia Wydziałowa ul. Śniadeckich 2 68119 02017952 628.1/.2 Woda. Wodociągi. Kanalizacja Książka
© 2023 Biblioteka Politechniki Koszalińskiej :: KOHA